000 00563cam a2200229 a 4500
001 4683884
005 20180104042437.0
008 841212s1980 enka b 000 0 eng
010 _a 81129362
020 _a0907283004 (pbk.)
040 _aDLC
_cDLC
_dDLC
041 _aeng
043 _ae-it---
080 _a720.924 FAN
082 0 0 _a720.924 FAN
_219
100 1 _a44
101 _aART
245 1 0 _aBrunelleschi /
_cGiovanni Fanelli.
504 _aBibliography: p. 80.
906 _a7
_bcbc
_corignew
_d4
_encip
_f19
_gy-gencatlg
942 _2ddc
_cBK
999 _c39675
_d39675